| 000 | 01034cam a2200301 i 4500 | ||
|---|---|---|---|
| 001 | 21946331 | ||
| 008 | 210316s2019 enk b 000 0deng d | ||
| 010 | _a 2020455163 | ||
| 020 |
_a9781786782472 _q(hbk.) |
||
| 035 | _a(OCoLC)on1120190375 | ||
| 040 |
_aUKMGB _beng _cCUZ _erda _dOCLCO _dBDX _dOCLCF _dNZHWP _dTOH _dCUZ |
||
| 050 | 0 | 0 |
_aBQ4060 _bOLI |
| 100 | 1 |
_aOliver, Joan Duncan, _eauthor. |
|
| 245 | 1 | 0 |
_aConversations with Buddha : _ba fictional dialogue based on biographical facts / _cJoan Duncan Oliver ; foreword by Annie Lennox. |
| 264 | 1 |
_aLondon : _bWatkins, _c2019. |
|
| 300 |
_axi, 116 pages ; _c19 cm |
||
| 336 |
_atext _btxt |
||
| 337 |
_aunmediated _bn |
||
| 338 | _2rdacarrier | ||
| 500 | _aRevised editon of The Buddha : off the record. | ||
| 600 | 0 | 0 | _aGautama Buddha. |
| 600 | 0 | 7 | _aGautama Buddha. |
| 650 | 0 | _aBuddhism | |
| 650 | 7 | _aRELIGION / Buddhism / General. | |
| 650 | 7 | _aBuddhism. | |
| 942 | _cOS | ||
| 999 |
_c44569 _d44569 |
||